000 00739nac a22002171u 4500
008 130127s2005 uk ||||| |||| 001 0 eng d
010 _a 2004014309
020 _a041531772X (hbk)
020 _a0415317738 (pbk.)
020 _a9780415317733
082 0 0 _a333.91
_bKAY
_222
100 _aKay, Robert
_932041
245 1 0 _aCoastal Planning and Management /
_cRobert Kay and Jacqueline Alder.
250 _a2nd ed.
260 _aLondon ;
_aNew York :
_bSpon Press,2005
_c2005.
300 _axix, 380 p. :
_bill. ;
_c25 cm.
504 _aIncludes bibliographical references (p. [346]-375) and index.
650 0 _aCoastal zone management.
_932042
700 1 _aAlder, Jackie,
_d1954-
_932043
942 _cBB
_k333.91 KAY
_2ddc
999 _c2481
_d2481